New insights into the pathogenesis of mastitis/ (Record no. 99814)
[ view plain ]
| 000 -LEADER | |
|---|---|
| fixed length control field | 00570cam7a220016900 4500 |
| 005 - DATE AND TIME OF LATEST TRANSACTION | |
| control field | 20190819095801.0 |
| 008 - FIXED-LENGTH DATA ELEMENTS--GENERAL INFORMATION | |
| fixed length control field | 000927 |
| 020 ## - INTERNATIONAL STANDARD BOOK NUMBER | |
| International Standard Book Number | 9074070019 |
| 035 ## - SYSTEM CONTROL NUMBER | |
| System control number | (Sirsi) a143194 |
| 050 #0 - LIBRARY OF CONGRESS CALL NUMBER | |
| Classification number | SF768 |
| Item number | New 1991 |
| 245 10 - TITLE STATEMENT | |
| Title | New insights into the pathogenesis of mastitis/ |
| Statement of responsibility, etc. | edited by C.Burvenich, G.Vandeputte-Van Messm, A.W.Hill. |
| 260 ## - PUBLICATION, DISTRIBUTION, ETC. | |
| Place of publication, distribution, etc. | Gent,Belgium : |
| Name of publisher, distributor, etc. | Vlaams Diergeneeskundig Tijdschrift, |
| Date of publication, distribution, etc. | 1991. |
| 350 ## - PRICE (NR) (BK AM CF MU VM SE) [OBSOLETE] | |
| Price | 25 |
| 504 ## - BIBLIOGRAPHY, ETC. NOTE | |
| Bibliography, etc. note | Includes bibliography and index. |
| 650 #0 - SUBJECT ADDED ENTRY--TOPICAL TERM | |
| Topical term or geographic name entry element | Mastitis |
| Linkage | S85970.1 |
| 700 00 - ADDED ENTRY--PERSONAL NAME | |
| Personal name | Burvenich, C. |
| Linkage | A113466.1 |
No items available.